Breeding improved Hevea clones in India (Record no. 54948)

MARC details
000 -LEADER
fixed length control field 00460nam a2200157Ia 4500
100 ## - MAIN ENTRY--AUTHOR NAME
Personal name Nair V K B
245 #0 - TITLE STATEMENT
Title Breeding improved Hevea clones in India
260 ## - PUBLICATION, DISTRIBUTION, ETC. (IMPRINT)
Name of publisher Proceedings of the International Rubber Conference, Kuala Lumpur. V.2, 1975; p45-54
650 ## - SUBJECT ADDED ENTRY--TOPICAL TERM
Topical Term Hevea brasiliensis
650 ## - SUBJECT ADDED ENTRY--TOPICAL TERM
Topical Term Hevea breeding
650 ## - SUBJECT ADDED ENTRY--TOPICAL TERM
Topical Term India
700 ## - ADDED ENTRY--PERSONAL NAME
Personal name George P J
700 ## - ADDED ENTRY--PERSONAL NAME
Personal name Saraswathyamma C K
942 ## - ADDED ENTRY ELEMENTS (KOHA)
Koha item type Journals
Holdings
Withdrawn status Lost status Damaged status Not for loan Home library Current library Shelving location Date acquired Koha item type
      Journals RRII Library RRII Library Botany 17/12/2021 Journals